Yugoslav Economic Review

Uložené v:
Podrobná bibliografia
Médium: Seriál
Jazyk:English
Vydavateľské údaje: Belgrade Privredni pregled 1987
Tagy: Pridať tag
Žiadne tagy, Buďte prvý, kto otaguje tento záznam!

MARC

LEADER 00000nas2a2200000 4500
001 s027992
005 20250730114137.6
041 0 |a eng 
044 |a YU 
245 1 0 |a Yugoslav Economic Review 
264 1 |a Belgrade  |b Privredni pregled  |c 1987 
300 |a 1 zv. 
773 0 |w eu_un_cat*s120937